000 00537nam a2200205Ia 4500
003 OSt
005 20230328161151.0
008 210423s2008 xx 000 0 und d
020 _a8180520633
040 _cAL
041 _aeng
082 _a660.2936
_223
_bGOYR
100 _aGOYAL (R N);GOEL (Harmendra).
_979233
245 _aTextbook of engineering chemistry.
260 _aNew Delhi
_bAne Books India
_c2008
300 _av,373
_bPB
365 _b250
_cINR
906 _achemistry. ; engineering ; Textbook
942 _2ddc
_cBK
999 _c154392
_d154392